[Event "EU-ch U18 rapid"]
[Site "Prague"]
[Date "2024.08.17"]
[Round "1"]
[White "Klimkowski, Jan"]
[Black "Pedmanson, Albert"]
[Result "1-0"]
[WhiteElo "2508"]
[BlackElo "2045"]
[PlyCount "75"]
[EventDate "2024.08.17"]
[EventType "swiss (rapid)"]
[EventRounds "9"]
[EventCountry "CZE"]
[SourceTitle "CB34_2024"]
[SourceDate "2024.08.21"]
[SourceVersion "1"]
[SourceVersionDate "2024.08.21"]
[SourceQuality "1"]

1. e4 e5 2. Nf3 Nc6 3. g3 g6 4. Bg2 Bg7 5. 0-0 Nge7 6. Nc3 0-0 7. d3 h6 8. Be3 d6 9. Qd2 Kh7 10. d4 exd4 11. Nxd4 Ne5 12. Qe2 Ng4 13. Rad1 Nxe3 14. Qxe3 Re8 15. f4 Bg4 16. Rd2 d5 17. Nb3 c6 18. Qf2 Qb6 19. f5 dxe4 20. Qxb6 axb6 21. f6 e3 22. Rd4 e2 23. Re1 Bxf6 24. Rxg4 Bxc3 25. bxc3 Nf5 26. Re4 Rxe4 27. Bxe4 Nd6 28. Bd3 Rxa2 29. Rxe2 c5 30. c4 b5 31. Nd2 b4 32. Re7 b5 33. cxb5 Ra1+ 34. Kf2 Rd1 35. Ke2 Rh1 36. Nf1 c4 37. Be4 b3 38. cxb3 1-0

[Event "World ol U16"]
[Site "Eindhoven"]
[Date "2023.08.18"]
[Round "9.17"]
[White "Pedmanson, Albert"]
[Black "Liu, Henry"]
[Result "0-1"]
[WhiteElo "1939"]
[BlackElo "1937"]
[PlyCount "87"]
[EventDate "2023.08.13"]
[EventType "team-swiss"]
[EventRounds "9"]
[EventCountry "NED"]
[SourceTitle "CBM 215 Extra"]
[Source "ChessBase"]
[SourceDate "2023.09.30"]
[SourceVersion "1"]
[SourceVersionDate "2023.09.30"]
[SourceQuality "1"]
[WhiteTeam "Estonia"]
[BlackTeam "Canada II"]
[WhiteTeamCountry "EST"]
[BlackTeamCountry "CAN"]

1. d4 d5 2. Nf3 Nf6 3. c4 e6 4. Nc3 c6 5. Bg5 Nbd7 6. e3 Qa5 7. a3 Ne4 8. Qc1 dxc4 9. Bf4 b5 10. Bc7 Qxc7 11. Nxe4 Bb7 12. Nfd2 c5 13. Be2 cxd4 14. exd4 Qb6 15. Qc3 f5 16. Ng5 Bxg2 17. Rg1 Bd5 18. Bf3 Nf6 19. Kf1 Rd8 20. Re1 Be7 21. Qe3 0-0 22. Bxd5 Rxd5 23. Nxe6 Ng4 24. Qg3 Bd6 25. f4 Rxd4 26. h3 Rd3 27. Qg2 Rxh3 28. Nxf8 Kxf8 29. Qa8+ Bb8 30. Ke2 Rh2+ 31. Kd1 Nf2+ 32. Kc1 Nd3+ 33. Kc2 Nxe1+ 34. Rxe1 Qd8 35. Rd1 Bc7 36. Qf3 Ba5 37. Kb1 Rxd2 38. Rxd2 Bxd2 39. Qh5 Qd3+ 40. Ka2 Bc1 41. Qh2 Qb3+ 42. Kb1 Qxb2+ 43. Qxb2 Bxb2 44. Kxb2 0-1

[Event "Kohtla Jaerve Noorte CC"]
[Site "Kohtla Jaerve"]
[Date "2021.09.26"]
[Round "4"]
[White "Protassov, Vlad"]
[Black "Pedmanson, Albert"]
[Result "1/2-1/2"]
[WhiteElo "1889"]
[BlackElo "1914"]
[PlyCount "49"]
[EventDate "2021.09.24"]
[EventType "swiss"]
[EventRounds "5"]
[EventCountry "EST"]
[SourceTitle "EXT 2023"]
[Source "ChessBase"]
[SourceDate "2022.10.05"]
[SourceVersion "1"]
[SourceVersionDate "2022.10.05"]
[SourceQuality "1"]

1. d4 d5 2. c4 e6 3. Nf3 Nf6 4. g3 dxc4 5. Bg2 c5 6. 0-0 Nc6 7. Qa4 Bd7 8. Qxc4 cxd4 9. Nxd4 Rc8 10. Nc3 Qb6 11. Nb3 Qb4 12. Qxb4 Bxb4 13. Be3 Bxc3 14. bxc3 b6 15. a4 Ne7 16. Rfc1 Nfd5 17. Bd4 f6 18. c4 Nb4 19. a5 Rb8 20. axb6 axb6 21. Ra7 Nec6 22. Bxc6 Nxc6 23. Ra6 Nxd4 24. Nxd4 Ke7 25. Rb1 1/2-1/2

[Event "Kohtla Jaerve Noorte CC"]
[Site "Kohtla Jaerve"]
[Date "2021.09.24"]
[Round "1"]
[White "Pedmanson, Albert"]
[Black "Bitkova, Elizavetta"]
[Result "1-0"]
[WhiteElo "1914"]
[BlackElo "1383"]
[PlyCount "59"]
[EventDate "2021.09.24"]
[EventType "swiss"]
[EventRounds "5"]
[EventCountry "EST"]
[SourceTitle "EXT 2023"]
[Source "ChessBase"]
[SourceDate "2022.10.05"]
[SourceVersion "1"]
[SourceVersionDate "2022.10.05"]
[SourceQuality "1"]

1. e4 c5 2. Nf3 Nc6 3. c3 e6 4. d4 cxd4 5. cxd4 d5 6. e5 Bb4+ 7. Bd2 Bxd2+ 8. Qxd2 Nge7 9. Nc3 Qb6 10. Nb5 0-0 11. Bd3 h6 12. 0-0 a6 13. Nc3 Bd7 14. Rac1 Rac8 15. Bb1 Rc7 16. Na4 Qb4 17. Qxb4 Nxb4 18. Rxc7 Bxa4 19. Rxe7 Bc6 20. a3 Rc8 21. axb4 Kf8 22. Rxf7+ Kxf7 23. Rc1 b5 24. Nd2 Bb7 25. Rxc8 Bxc8 26. Nb3 g5 27. Nc5 h5 28. h4 g4 29. f3 gxf3 30. gxf3 1-0

[Event "Riga Tal Memorial blitz"]
[Site "Riga"]
[Date "2019.07.18"]
[Round "1"]
[White "Popov, Ivan1111"]
[Black "Pedmanson, Albert"]
[Result "1-0"]
[WhiteElo "2599"]
[BlackElo "1700"]
[PlyCount "52"]
[EventDate "2019.07.18"]
[EventType "swiss (blitz)"]
[EventRounds "13"]
[EventCountry "LAT"]
[SourceTitle "CBM 191 Extra"]
[Source "ChessBase"]
[SourceDate "2019.09.30"]
[SourceVersion "1"]
[SourceVersionDate "2019.09.30"]
[SourceQuality "1"]

1. e4 e5 2. Nf3 Nc6 3. d4 exd4 4. Nxd4 Bc5 5. Nb3 Bb6 6. Nc3 Nf6 7. Qe2 d6 8. Be3 Bxe3 9. Qxe3 0-0 10. 0-0-0 a5 11. a3 Be6 12. Nc5 Qe7 13. Nxe6 fxe6 14. f4 Kh8 15. h3 Rad8 16. Bb5 Nb8 17. g4 c6 18. Bd3 d5 19. exd5 cxd5 20. Ne2 Nfd7 21. Nd4 Rde8 22. Rde1 e5 23. Nf5 Qf6 24. Qa7 Nc6 25. Qf2 e4 26. Bb5 Rd8 1-0

[Event "Jurmala Termo Eko Cup 12th"]
[Site "Jurmala"]
[Date "2018.02.18"]
[Round "7"]
[White "Jazdanovs, Aleksandrs"]
[Black "Pedmanson, Albert"]
[Result "0-1"]
[WhiteElo "2293"]
[BlackElo "1682"]
[PlyCount "84"]
[EventDate "2018.02.14"]
[EventType "swiss"]
[EventRounds "7"]
[EventCountry "LAT"]
[SourceTitle "CBM 182 Extra"]
[Source "ChessBase"]
[SourceDate "2018.02.23"]
[SourceVersion "1"]
[SourceVersionDate "2018.02.23"]
[SourceQuality "1"]

1. e4 e5 2. Nf3 Nc6 3. Bb5 a6 4. Ba4 Nf6 5. 0-0 b5 6. Bb3 Be7 7. Re1 0-0 8. a4 Bb7 9. d3 h6 10. Nc3 Bb4 11. Nh4 d5 12. axb5 axb5 13. Rxa8 Bxa8 14. exd5 Bxc3 15. bxc3 Nxd5 16. Qg4 Nf6 17. Qf5 Ne8 18. Ng6 Ne7 19. Nxe7+ Qxe7 20. Rxe5 Qd8 21. Ba3 Nd6 22. Qf4 Qd7 23. h3 Qc6 24. Qg3 Qxc3 25. Bxd6 cxd6 26. Rxb5 Kh7 27. Rf5 d5 28. Qe5 Qc8 29. d4 Re8 30. Qf4 Re4 31. Qf3 Qc7 32. g3 f6 33. Qd3 Qa5 34. Rxd5 Qe1+ 35. Kg2 f5 36. Qf3 f4 37. Rd8 Re3 38. Bg8+ Kg6 39. Rxa8 Rxf3 40. Ra6+ Kg5 41. h4+ Kf5 42. Be6+ Ke4 0-1

[Event "Heinola Suomi 100 ottelu Vierumaki"]
[Site "Heinola"]
[Date "2017.11.17"]
[Round "1"]
[White "Pedmanson, Albert"]
[Black "Bratus, Petr P"]
[Result "1/2-1/2"]
[WhiteElo "1760"]
[BlackElo "2136"]
[PlyCount "110"]
[EventDate "2017.11.17"]
[EventType "swiss"]
[EventRounds "3"]
[EventCountry "FIN"]
[SourceTitle "EXT 2022"]
[Source "ChessBase"]
[SourceDate "2021.10.06"]
[SourceVersion "1"]
[SourceVersionDate "2021.10.06"]
[SourceQuality "1"]

1. e4 c6 2. d4 d5 3. exd5 cxd5 4. Bd3 Nc6 5. c3 Nf6 6. Bf4 e6 7. Nf3 Bd6 8. Bxd6 Qxd6 9. 0-0 0-0 10. Re1 Bd7 11. Nbd2 a6 12. Ne5 b5 13. Ndf3 b4 14. Ng5 h6 15. Ngf3 bxc3 16. bxc3 Na5 17. Nxd7 Qxd7 18. Ne5 Qc7 19. Re3 Nc4 20. Bxc4 dxc4 21. Rg3 Ne4 22. Rh3 Rab8 23. Qg4 Nf6 24. Qh4 Rb2 25. Rg3 Rfb8 26. h3 Rb1+ 27. Rxb1 Rxb1+ 28. Kh2 Kh7 29. Rf3 Rb7 30. g4 g5 31. Qg3 Ne4 32. Qg2 f6 33. Re3 Nd2 34. Re2 fxe5 35. Rxd2 exd4+ 36. Qg3 d3 37. Qxc7+ Rxc7 38. Kg3 Rc5 39. Kf3 Re5 40. Rb2 Kg6 41. Rb6 Re1 42. Rd6 Kf6 43. a4 Ke7 44. Rd4 e5 45. Rd5 e4+ 46. Kg2 Ke6 47. Rd4 Ke5 48. a5 Rc1 49. f4+ Kxf4 50. Rd5 Rc2+ 51. Kf1 Rxc3 52. h4 e3 53. h5 Rc1+ 54. Kg2 e2 55. Rf5+ Kxg4 1/2-1/2

[Event "EU-ch U10 26th"]
[Site "Prague"]
[Date "2016.08.27"]
[Round "9"]
[White "Pedmanson, Albert"]
[Black "Korsinskij, Nikolas"]
[Result "1-0"]
[WhiteElo "1602"]
[BlackElo "1442"]
[PlyCount "41"]
[EventDate "2016.08.18"]
[EventType "swiss"]
[EventRounds "9"]
[EventCountry "CZE"]
[SourceTitle "CBM 174 Extra"]
[Source "ChessBase"]
[SourceDate "2016.10.10"]
[SourceVersion "1"]
[SourceVersionDate "2016.10.10"]
[SourceQuality "1"]

1. e4 c5 2. Nc3 e6 3. f4 a6 4. Nf3 Nc6 5. Bc4 b5 6. Be2 Bb7 7. 0-0 Nge7 8. d4 cxd4 9. Nxd4 g6 10. Bf3 Bg7 11. e5 Qb6 12. Be3 Qc7 13. Ne4 Nd5 14. Nd6+ Ke7 15. Bxd5 exd5 16. Nxc6+ Bxc6 17. Bc5 Qb8 18. Qe1 Kf8 19. Nf5+ Ke8 20. Qh4 Bf8 21. Ng7+ 1-0